000 00597nam a2200181 i 4500
001 27035
003 ES-MaACL
005 20230906153540.0
007 t|
008 030113s1922 sp ||||1| spa d
245 0 0 _aAuxilios del Estado para la construcción de casas baratas.
260 _aMadrid :
_b[s.n.,
_c1922] (
_fSobrinos Sucesores de Minuesa de los Ríos)
300 _a27 p. ;
_c22 cm.
500 _aFolletos de información Num. 2.
594 _aPrecede al tít: Instituto de Reformas Sociales.
650 4 _aViviendas de protección oficial.
_9149608
852 _aES-MaACL
_j1651-F-13
999 _c27035
_d27035